Top 30 mangas - Statistiques

Statistiques générales
  • Ce quiz a été pris 228 fois
  • Le résultat moyen est 15 sur 30
Statistiques - réponses
Réponse % Correct
Naruto
98%
One Piece
98%
Dragon Ball
92%
Bleach
83%
Demon Slayer
79%
My Hero Academia
72%
Jujutsu Kaisen
69%
Hunter x Hunter
68%
Death Note
62%
Fairy Tail
55%
Haikyu
49%
Assassination Classroom
46%
Berserk
46%
Fullmetal Alchemist
44%
Tokyo Ghoul
44%
Attaque des Titans
43%
One Punch Man
43%
Blue Lock
41%
Dr Stone
38%
Pokemon
38%
Tokyo Revengers
36%
Seven Deadly Sins
32%
Jojo’s Bizarre Adventure
29%
Spy x Family
27%
Chainsaw Man
25%
The Promised Neverland
24%
Food Wars
22%
Nana
21%
Mashle
14%
Solo Leveling
13%
Aucun quiz correspondant
Distribution des résultats
% des personnes avec chaque résultat
Percentile par nombre de réponses
Votre historique - résultats
Vous n’avez pas pris ce quiz